000 01442nam a22002537a 4500
001 7147
003 FISKH
005 20250630093308.0
008 250630b cb ||||| |||| 00| 0 eng d
020 _a9780545931588
040 _aFISKH
_beng
_cFISKH
_dFISKH
050 _aQL758.P733
082 _a591.53
100 _aReynolds, Toby
245 _aPredators :
_bIncluding crocodiles, polar bears, tarantulas, scorpions, and more! /
250 _aFirst Scholastic printing, December 2015.
260 _aNew York :
_bScholastic,
_c2013
300 _a32 pages :
_bcolor illustrations ;
_c26 cm
490 _aVisual explorers :
520 _aThe books in this Visual Explorers series feature page after page of dramatic, full-color photographs. Inside, kids can get up-close and personal with dangerous animals, natural wonders, ocean life, and the mysteries of the rainforest. In Predators, engaging text, detailed facts, and impressive statistics give children exciting scientific insight into some of the world's most fearsome hunters, whether they walk, fly, swim, or crawl. A glossary at the end of each book helps reinforce the information. Parents, teachers, and librarians will want to collect all of the books in this series to create a very cool first encyclopedia to build early research skills
650 _aWild animals
_vNature nonfiction
_xHunting techniques
_yAnimal behavior
942 _2ddc
_cBK
_n0
999 _c7147
_d7147